| 000 | 00555nam a22002177a 4500 | ||
|---|---|---|---|
| 003 | OSt | ||
| 005 | 20140310184357.0 | ||
| 008 | 121112t xxu||||| |||| 00| 0 eng d | ||
| 020 | _a0439649129 | ||
| 050 |
_aTK 5101 _b.H241 2003 |
||
| 100 |
_aHanlin, Mark _925638 |
||
| 245 |
_aAround the world in a flash / _cMark Hanlin. |
||
| 260 |
_aNew York : _bScholastic Inc., _c2003. |
||
| 300 |
_a40 p. : _bcol. ill. ; _c21 cm. |
||
| 521 | _aG9 | ||
| 526 | _c1020 | ||
| 942 |
_2lcc _cBK-SCHOLAS |
||
| 999 |
_c34020 _d34020 |
||